00370nam a2200109Ia 4500008004100000100001700041245003100058260006900089300001100158650002300169856006800192160712s9999 xx 000 0 und d aDiaz, Glenn. cGlenn DiazaKilometer Zero c2013bLikhaan: The Journal of Contemporary Philippine Literature avol. 7 xFICTION/NONFICTION uhttp://journals.upd.edu.ph/index.php/lik/issue/view/537/showToc